বাংলাদেশের মুক্তিসংগ্রাম ও আওয়ামী লীগ : (Record no. 44)
[ view plain ]
| 000 -LEADER | |
|---|---|
| fixed length control field | 01035nam a22002297a 4500 |
| 001 - CONTROL NUMBER | |
| control field | 44 |
| 003 - CONTROL NUMBER IDENTIFIER | |
| rucl marc code | BD-RjUL |
| 005 - DATE AND TIME OF LATEST TRANSACTION | |
| control field | 20211208233111.0 |
| 008 - FIXED-LENGTH DATA ELEMENTS--GENERAL INFORMATION | |
| fixed length control field | 131106s2001 bg |||| |||| 000 0 ben d |
| 020 ## - INTERNATIONAL STANDARD BOOK NUMBER | |
| International Standard Book Number | 9845601579 |
| 035 ## - SYSTEM CONTROL NUMBER | |
| System control number | (BD-RjUL)49 |
| 040 ## - CATALOGING SOURCE | |
| Original cataloging agency | BD-RjUL |
| Language of cataloging | ben |
| Transcribing agency | BD-RjUL |
| 041 ## - LANGUAGE CODE | |
| Language code of text/sound track or separate title | ben |
| 082 04 - DEWEY DECIMAL CLASSIFICATION NUMBER | |
| Edition number | 23 |
| Classification number | 954.92 |
| Author mark and year | BAN 2001 |
| 245 00 - TITLE STATEMENT | |
| Title | বাংলাদেশের মুক্তিসংগ্রাম ও আওয়ামী লীগ : |
| Remainder of title | ঐতিহাসিক দলিল / |
| Statement of responsibility, etc. | সঙ্কলন ও সম্পাদনা আবুল কাশেম |
| 260 ## - PUBLICATION, DISTRIBUTION, ETC. (IMPRINT) | |
| Place of publication, distribution, etc. | ঢাকা : |
| Name of publisher, distributor, etc. | জাতীয় গ্রন্থ প্রকাশন, |
| Date of publication, distribution, etc. | ২০০১. |
| 300 ## - PHYSICAL DESCRIPTION | |
| Pagination | ২৮৬, [১] পৃ. ; |
| Size | ২০ সেমি. |
| 650 #7 - SUBJECT ADDED ENTRY--TOPICAL TERM | |
| Topical term or geographic name as entry element | বাংলাদেশ |
| 9 (RLIN) | 111774 |
| General subdivision | ইতিহাস-মুক্তি সংগ্রাম |
| Chronological subdivision | ১৯৭১ |
| Topical term or geographic name as entry element | Bangldesh |
| 9 (RLIN) | 111775 |
| General subdivision | History-Revolution |
| Chronological subdivision | 1971 |
| 700 1# - ADDED ENTRY--PERSONAL NAME | |
| Personal name | কাশেম, আবুল, সঙ্ক.ও সম্পা. |
| 942 ## - ADDED ENTRY ELEMENTS (KOHA) | |
| Source of classification or shelving scheme | Dewey Decimal Classification |
| Koha item type | Books |
| Lost status | Source of classification or shelving scheme | Damaged status | Not for loan | Collection code | Permanent Location | Current Location | Shelving location | Date acquired | Source of acquisition | Cost, normal purchase price | Total Checkouts | Full call number | Date last seen | Date checked out | Copy number | Koha item type | Total Renewals |
|---|---|---|---|---|---|---|---|---|---|---|---|---|---|---|---|---|---|
| Dewey Decimal Classification | Non-fiction | Central Library, University of Rajshahi | Central Library, University of Rajshahi | 03/10/2001 | Author | 200.00 | 1 | B 954.92 BAN 2001 | 01/08/2018 | 11/07/2018 | C-7 | Books | |||||
| Dewey Decimal Classification | Non-fiction | Central Library, University of Rajshahi | Central Library, University of Rajshahi | 03/10/2001 | Author | 200.00 | 1 | B 954.92 BAN 2001 | 09/11/2021 | 12/02/2019 | C-8 | Books | |||||
| Dewey Decimal Classification | Non-fiction | Central Library, University of Rajshahi | Central Library, University of Rajshahi | 03/10/2001 | Author | 200.00 | B 954.92 BAN 2001 | 06/11/2013 | C-9 | Books | |||||||
| Dewey Decimal Classification | Non-fiction | Central Library, University of Rajshahi | Central Library, University of Rajshahi | 03/10/2001 | Author | 200.00 | 12 | B 954.92 BAN 2001 | 19/11/2019 | 30/06/2019 | C-10 | Books | 2 | ||||
| Dewey Decimal Classification | Non-fiction | Central Library, University of Rajshahi | Central Library, University of Rajshahi | 03/10/2001 | Author | 200.00 | 3 | B 954.92 BAN 2001 | 29/09/2019 | 15/09/2019 | C-5 | Books | |||||
| Dewey Decimal Classification | Non-fiction | Central Library, University of Rajshahi | Central Library, University of Rajshahi | 03/10/2001 | 200.00 | B 954.92 BAN 2001 | 06/11/2013 | C-6 | Books | ||||||||
| Dewey Decimal Classification | Non-fiction | Central Library, University of Rajshahi | Central Library, University of Rajshahi | 03/10/2001 | Author | 200.00 | B 954.92 BAN 2001 | 06/11/2013 | C-4 | Books | |||||||
| Dewey Decimal Classification | Not For Loan | Non-fiction | Central Library, University of Rajshahi | Central Library, University of Rajshahi | Reading Room | 03/10/2001 | Author | 200.00 | B 954.92 BAN 2001 | 02/05/2017 | C-1 | Books |